Vector mechanics for engineers (Record no. 16988)

000 -LEADER
fixed length control field 00549nam a22002057a 4500
001 - CONTROL NUMBER
control field 16988
003 - CONTROL NUMBER IDENTIFIER
control field BD-DhUET
008 - FIXED-LENGTH DATA ELEMENTS--GENERAL INFORMATION
fixed length control field 150322b xxu||||| |||| 00| 0 eng d
020 ## - INTERNATIONAL STANDARD BOOK NUMBER
International Standard Book Number 0070044384
040 ## - CATALOGING SOURCE
Original cataloging agency DLC
Transcribing agency DLC
Modifying agency BD-DhUET
082 ## - DEWEY DECIMAL CLASSIFICATION NUMBER
Classification number 531.01
Item number BEE/1984
100 ## - MAIN ENTRY--PERSONAL NAME
Personal name Beer, Ferdinand P.
245 ## - TITLE STATEMENT
Title Vector mechanics for engineers
Remainder of title Statics and dynamics
250 ## - EDITION STATEMENT
Edition statement 4th ed.
260 ## - PUBLICATION, DISTRIBUTION, ETC. (IMPRINT)
Place of publication, distribution, etc. New York
Name of publisher, distributor, etc. McGraw - Hill
Date of publication, distribution, etc. 1984
300 ## - PHYSICAL DESCRIPTION
Extent xxi, 926p.
650 #0 - SUBJECT ADDED ENTRY--TOPICAL TERM
Topical term or geographic name as entry element Statistics - Vector mechanics
700 ## - ADDED ENTRY--PERSONAL NAME
Personal name Johnston, E. Russell
942 ## - ADDED ENTRY ELEMENTS (KOHA)
Koha item type General Book
Holdings
Koha item type Location (home branch) Koha normalized classification for sorting Koha full call number Date acquired Not for loan Piece designation (barcode) Price effective from Source of classification or shelving scheme Koha issues (times borrowed) Koha date last borrowed Lost status Damaged status Copy number Koha date last seen Shelving location Withdrawn status Sublocation or collection (holding branch)
General BookCentral Library, BUET531_010000000000000_BEE_1984531.01/BEE/19842015-03-22 661882015-03-22 12023-06-06  12023-07-09Circulation section Central Library, BUET
Reading ItemCentral Library, BUET531_010000000000000_BEE_1984531.01/BEE/19842015-06-29 660942015-06-29     22015-06-29Reading section Central Library, BUET